| 000 | 01326cam a2200289 i 4500 | ||
|---|---|---|---|
| 003 | SA-RiAUC | ||
| 005 | 20260113131241.0 | ||
| 008 | 260112s1908 ua g 00000dara c | ||
| 040 |
_aSA-RiKSU _bara _cSA-RiAUC _erda |
||
| 082 | 0 | 4 | _a235 |
| 090 |
_aم ن 235 ا ب ن س _bا ب ن س |
||
| 100 | 1 |
_aابن سنبل، محمد سعيد محمد، _dتوفي 1175 هجري _eمؤلف. |
|
| 245 | 1 | 0 |
_aرسالة أوائل كتب الحديث / _cمحمد سعيد سنبل. |
| 264 | 1 |
_a[مكان النشر غير محدد] : _b[الناشر غير محدد]، _c[1908] |
|
| 264 | 3 |
_aالقاهرة : _bمطبعة كردستان العلمية |
|
| 300 |
_a47 صفحة ؛ _c29 سم |
||
| 336 |
_aنص _btxt _2rdacontent _3كتاب |
||
| 337 |
_aبدون وسيط _bn _2rdamedia |
||
| 338 |
_aمجلد _bnc _2rdacarrier |
||
| 501 | _aمعه : بغية الأثر فيمن اتفق له ولأبيه صحبة سيد البشر / للأهدل. | ||
| 650 | 7 |
_aالحديث _xشرح _2aucsh |
|
| 650 | 7 |
_aالحديث _xجمع وتدوين _2aucsh |
|
| 700 | 1 | 2 |
_aالأهدل، محمد بن أحمد بن عبد الباري، _d1241-1298 هجري |
| 740 | 0 | 2 | _aبغية الأثر فيمن اتفق له ولأبيه صحبة سيد البشر. |
| 942 |
_2ddc _cRBOOK COPY _n0 |
||
| 949 |
_aSA-JeALM _d260112 _umohamedma123 _n1 |
||
| 999 |
_c14025 _d14025 |
||